| 000 | 00365nam a2200133Ia 4500 | ||
|---|---|---|---|
| 008 | 240624s9999 xx 000 0 und d | ||
| 041 | _aeng | ||
| 082 | _a332.6322011 CHA | ||
| 100 | _aCHALLET DAMIEN | ||
| 245 | _aMINORITY GAMES INTERACTING AGENTS IN FIN | ||
| 260 |
_c2013 _amarkets _bOxford University Press |
||
| 300 | _aviii, 344 p,: 23 cm. | ||
| 365 |
_cBPS _b38 |
||
| 999 |
_c31192 _d31192 |
||